000 00772nam a2200265 u 4500
001 559811
005 20260506083204.0
008 991028s1998 eng
020 _a0780334272
035 _a559811
035 _a(OCoLC)777763427
040 _ccomduadb
041 _aeng
082 4 _a621
100 1 0 _aAnderson, Paul M.
_4aut
_eaut
_9259601
245 1 0 _aPower System protection
260 _aEstados Unidos :
_bIEEE,
_c1998.
300 _a1305 páginas
500 _aCompra:importaciones c.c.8601 IEEE:oct./99.
650 7 _aSistemas de energía eléctrica
_2lemb
_91191
650 _aProtección eléctrica
_931183
650 _aProteccion de aparatos electricos
_920340
650 _aImpedancia (Electricidad)
_919467
942 _cBOOK
999 _c129611
_d129611